000 00525nam a2200205Ia 4500
005 20260429112208.0
008 260429s9999||||xx |||||||||||||| ||und||
020 _a9789355281319
041 _aEnglish
082 _a193
_bPRI
100 _aPrichard, H. A.
245 0 _aKant's theory of knowledge /
_cH. A. Prichard
250 _a1st ed.
260 _aChennai :
_bMaxwell Press,
_c2023.
300 _avi, 324 p.; pbk
650 _a Epistemology
650 _a Philosophy
650 _aKant, Immanuel
942 _cTB
999 _c52831
_d52831